[Event "Udine DLF op"]
[Site "Udine"]
[Date "2007.03.07"]
[Round "7"]
[White "Bisaro, Andrea"]
[Black "Dizorz, Marco"]
[Result "1/2-1/2"]
[WhiteElo "1506"]
[BlackElo "1535"]
[PlyCount "101"]
[EventDate "2007.01.24"]
[EventType "swiss"]
[EventRounds "7"]
[EventCountry "ITA"]
[SourceTitle "EXT 2010"]
[Source "ChessBase"]
[SourceDate "2010.11.25"]
[SourceVersion "1"]
[SourceVersionDate "2010.11.25"]
[SourceQuality "1"]

1. d4 d5 2. c4 c6 3. Nc3 Nf6 4. Nf3 Bf5 5. Nh4 Bd7 6. Nf3 h6 7. cxd5 cxd5 8. Qb3 Bc6 9. Ne5 Nbd7 10. Nxc6 bxc6 11. e3 Nb6 12. Be2 e6 13. Qc2 Qc7 14. Bf3 Bd6 15. e4 dxe4 16. Nxe4 Nxe4 17. Bxe4 Rc8 18. g3 Bb4+ 19. Bd2 Bxd2+ 20. Qxd2 0-0 21. Rc1 Nd5 22. 0-0 Rfe8 23. Rc5 f5 24. Bg2 Qd6 25. Rfc1 Rc7 26. Qe1 Rec8 27. b4 f4 28. b5 cxb5 29. Rxc7 Rxc7 30. Bxd5 Rxc1 31. Bxe6+ Qxe6 32. Qxc1 fxg3 33. hxg3 Qxa2 34. Qc8+ Kh7 35. Qf5+ Kg8 36. d5 Qa1+ 37. Kg2 Qf6 38. Qc8+ Qf8 39. Qc6 Qb8 40. d6 Qd8 41. d7 Kf7 42. Qxb5 Ke7 43. Qc5+ Ke6 44. Qxa7 Qxd7 45. Qxd7+ Kxd7 46. Kh3 Ke6 47. f4 Kf5 48. Kh4 g6 49. Kh3 g5 50. fxg5 hxg5 51. Kg2 1/2-1/2

[Event "Udine DLF op"]
[Site "Udine"]
[Date "2007.02.21"]
[Round "5"]
[White "Dizorz, Marco"]
[Black "Alessandro, Sergio"]
[Result "0-1"]
[WhiteElo "1535"]
[BlackElo "1676"]
[PlyCount "57"]
[EventDate "2007.01.24"]
[EventType "swiss"]
[EventRounds "7"]
[EventCountry "ITA"]
[SourceTitle "EXT 2010"]
[Source "ChessBase"]
[SourceDate "2010.11.25"]
[SourceVersion "1"]
[SourceVersionDate "2010.11.25"]
[SourceQuality "1"]

1. e4 c6 2. Nf3 d6 3. h3 Nf6 4. Nc3 e5 5. d4 Qa5 6. dxe5 dxe5 7. Bd3 Bb4 8. Bd2 0-0 9. a3 Bd6 10. 0-0 Qc7 11. Bg5 Nbd7 12. Ne2 b6 13. b4 Bb7 14. Ng3 c5 15. Qd2 c4 16. Be2 Nxe4 17. Nxe4 Bxe4 18. b5 c3 19. Qc1 Nc5 20. Be3 Ne6 21. Nh2 f5 22. f3 Bb7 23. Rd1 e4 24. Qb1 Bxh2+ 25. Kf2 Qg3+ 26. Kf1 f4 27. Bf2 Qg6 28. Bc4 exf3 29. Bd5 0-1